[Event "Nicosia WGP 2023"]
[Site "Nicosia CYP"]
[Date "2023.05.19"]
[Round "4.6"]
[White "Wagner, Dinara"]
[Black "Dzagnidze, Nana"]
[Result "1/2-1/2"]
[WhiteTitle "WGM"]
[BlackTitle "GM"]
[WhiteElo "2417"]
[BlackElo "2513"]
[WhiteFideId "24157570"]
[BlackFideId "13601903"]
[EventDate "2023.05.16"]

1. d4 Nf6 2. c4 e6 3. Nf3 a6 4. Nc3 d5 5. cxd5 exd5 6. Bg5 Be6 7. e3 Nbd7 8. Bd3
Bd6 9. Bf4 Bxf4 10. exf4 Nb6 11. Ne5 O-O 12. O-O Qd6 13. Re1 c5 14. dxc5 Qxc5
15. Rc1 Rac8 16. Qf3 d4 17. Ne2 Qd5 18. Qxd5 Bxd5 19. b3 Rxc1 20. Rxc1 Rd8 21.
f3 Ne8 22. Rd1 f6 23. Ng4 Bf7 24. Be4 d3 25. Bxd3 Kf8 26. Nf2 h6 27. g4 Nc7 28.
Be4 Rxd1+ 29. Nxd1 Nbd5 30. Ndc3 b6 31. Kf2 Ke7 32. Nxd5+ Nxd5 33. Bxd5 Bxd5 34.
Ng3 g6 35. f5 g5 36. Ke3 a5 37. Ne4 Bf7 38. Nc3 Kd6 39. Kd4 Bg8 40. Ne4+ Ke7 41.
Nd2 Kd6 42. a3 Bf7 43. b4 axb4 44. axb4 Bg8 45. Ne4+ Ke7 46. Ke3 Bb3 47. f4 Bd1
48. fxg5 hxg5 49. Nf2 Ba4 50. Kd4 Bb3 51. Ne4 Bd1 52. Nc3 Bxg4 53. Nd5+ Kf7 54.
Ke4 Bd1 55. Nxb6 Bc2+ 56. Kd4 Bxf5 57. b5 Be6 58. Nd5 f5 59. b6 Bc8 60. Ke5 f4
61. h4 gxh4 62. Nxf4 Ke7 63. Ng6+ Kd7 64. Nxh4 Kc6 65. Ke4 1/2-1/2

[Event "Nicosia WGP 2023"]
[Site "Nicosia CYP"]
[Date "2023.05.20"]
[Round "5.1"]
[White "Dzagnidze, Nana"]
[Black "Assaubayeva, Bibisara"]
[Result "1/2-1/2"]
[WhiteTitle "GM"]
[BlackTitle "IM"]
[WhiteElo "2513"]
[BlackElo "2464"]
[WhiteFideId "13601903"]
[BlackFideId "13708694"]
[EventDate "2023.05.16"]

1. Nf3 Nf6 2. c4 g6 3. b3 Bg7 4. Bb2 O-O 5. g3 c6 6. Bg2 d5 7. O-O a5 8. Nc3 Ne4
9. Na4 Bxb2 10. Nxb2 Na6 11. d3 Nf6 12. Na4 b5 13. Nc3 bxc4 14. dxc4 Nc5 15. Rc1
Qd6 16. Qd4 Nce4 17. cxd5 Nxc3 18. Rxc3 cxd5 19. Ne5 Ba6 20. Bf3 Rfc8 21. Rfc1
Rxc3 22. Rxc3 Rc8 23. Rxc8+ Bxc8 24. h4 h5 25. Nd3 Bg4 26. Qc5 Qd8 27. a4 Ne4
28. Qc2 Bf5 29. Qc6 e6 30. Kg2 Qb8 31. Nc5 Qb4 32. Qe8+ Kg7 33. Nd7 Qd6 34. Bxe4
Bxe4+ 35. Kh2 Bf5 36. f4 d4 37. Ne5 Qc7 38. Qc6 Qd8 39. Qb7 Qe8 40. Qa7 d3 41.
exd3 Qc8 42. Qxf7+ Kh6 43. g4 hxg4 44. Qf6 Kh7 45. h5 gxh5 46. Qe7+ Kh8 47. Qf6+
Kh7 48. Qe7+ Kh8 49. Kg3 Qc1 50. Qe8+ Kg7 51. Qf7+ Kh6 52. Qf8+ Kh7 53. Qe7+ Kh8
54. Nf7+ Kg8 55. Nh6+ Kh8 56. Nf7+ Kg8 57. Kh4 Qxf4 58. Kxh5 Bg6+ 59. Kxg6 Qf5+
60. Kh6 Qxf7 61. Qg5+ Kf8 62. Qd8+ Qe8 63. Qxa5 Qc6 64. Kg5 g3 65. Qb4+ Ke8 66.
Qb8+ Kd7 67. Qxg3 Qd5+ 68. Kf6 Qxb3 69. Qe3 Qxa4 70. Qxe6+ Kc7 71. Qe5+ Kc8 72.
Qc5+ Kd7 73. Qd5+ Kc7 74. Qf7+ Kc8 75. Qd5 Kc7 76. d4 Qa6+ 77. Qe6 Qa1 78. Qc4+
Kd6 79. Qc5+ Kd7 80. Qd5+ Kc7 81. Qf7+ Kc8 82. Ke5 Qe1+ 83. Kd5 Qa5+ 84. Kd6
Qb4+ 85. Ke5 Qe1+ 86. Kd5 Qa5+ 87. Ke4 Qe1+ 88. Kd3 Qd1+ 89. Kc3 Qa1+ 90. Kb4
Qxd4+ 91. Qc4+ Qxc4+ 1/2-1/2

[Event "Nicosia WGP 2023"]
[Site "Nicosia CYP"]
[Date "2023.05.20"]
[Round "5.2"]
[White "Kosteniuk, Alexandra"]
[Black "Wagner, Dinara"]
[Result "1/2-1/2"]
[WhiteTitle "GM"]
[BlackTitle "WGM"]
[WhiteElo "2535"]
[BlackElo "2417"]
[WhiteFideId "4128125"]
[BlackFideId "24157570"]
[EventDate "2023.05.16"]

1. e4 c5 2. Nf3 Nc6 3. Bb5 e6 4. Bxc6 bxc6 5. b3 Ne7 6. h4 d6 7. h5 e5 8. d3 h6
9. Nbd2 g5 10. hxg6 Nxg6 11. Nf1 f5 12. Nh4 Nxh4 13. Qh5+ Kd7 14. Rxh4 Be7 15.
Rh1 f4 16. g3 Bg5 17. gxf4 exf4 18. Bb2 Re8 19. Bc3 Qe7 20. O-O-O Kc7 21. Nd2
Be6 22. d4 cxd4 23. Bxd4 a5 24. a4 c5 25. Bc3 c4 26. bxc4 Qd7 27. Qe2 f3 28. Qd3
Qxa4 29. e5 Qa3+ 30. Bb2 Qxd3 31. cxd3 d5 1/2-1/2

[Event "Nicosia WGP 2023"]
[Site "Nicosia CYP"]
[Date "2023.05.20"]
[Round "5.3"]
[White "Kiolbasa, Oliwia"]
[Black "Dronavalli, Harika"]
[Result "0-1"]
[WhiteTitle "IM"]
[BlackTitle "GM"]
[WhiteElo "2422"]
[BlackElo "2501"]
[WhiteFideId "1154613"]
[BlackFideId "5015197"]
[EventDate "2023.05.16"]

1. e4 e5 2. Nf3 Nc6 3. Bb5 a6 4. Ba4 Nf6 5. O-O Bc5 6. c3 b5 7. Bb3 d6 8. d4 Bb6
9. h3 Bb7 10. Re1 h6 11. Be3 O-O 12. Nbd2 Re8 13. d5 Ne7 14. Bxb6 cxb6 15. Nh4
Bc8 16. Nf1 Ng6 17. Nxg6 fxg6 18. Ng3 Rf8 19. Qd2 Nh7 20. Qe3 Ra7 21. Nf1 Raf7
22. Nd2 Ng5 23. Bd1 Rf4 24. Rf1 Bd7 25. a4 bxa4 26. c4 b5 27. cxb5 axb5 28. b3
axb3 29. Rb1 Rh4 30. Rxb3 Rff4 31. g3 Rxe4 32. Nxe4 Rxe4 33. Qd2 Nxh3+ 34. Kg2
Ng5 35. Re1 Rc4 36. Be2 Rd4 37. Rd3 Ra4 38. Bd1 Rc4 39. Bb3 Rc5 40. Qe3 Qc8 41.
f3 Bf5 42. Rdd1 Bc2 43. Bxc2 Qh3+ 44. Kg1 Qxg3+ 45. Kf1 Qh3+ 0-1

[Event "Nicosia WGP 2023"]
[Site "Nicosia CYP"]
[Date "2023.05.20"]
[Round "5.4"]
[White "Lagno, Kateryna"]
[Black "Goryachkina, Aleksandra"]
[Result "1/2-1/2"]
[WhiteTitle "GM"]
[BlackTitle "GM"]
[WhiteElo "2558"]
[BlackElo "2571"]
[WhiteFideId "14109336"]
[BlackFideId "4147103"]
[EventDate "2023.05.16"]

1. e4 e5 2. Nf3 Nc6 3. Bb5 Nf6 4. d3 Bc5 5. Nbd2 Nd4 6. Nxd4 Bxd4 7. c3 Bb6 8.
d4 c6 9. dxe5 cxb5 10. exf6 Qxf6 11. O-O O-O 12. Nf3 d6 13. Qd3 Bg4 14. Bg5 Qg6
15. Bf4 f5 16. Nh4 fxe4 17. Nxg6 exd3 18. Nxf8 Rxf8 19. g3 Rf5 20. Kg2 Be2 21.
Rfd1 g5 22. Be3 Bf3+ 23. Kg1 Bxe3 24. fxe3 Bxd1 25. Rxd1 Kf7 26. Rxd3 Ke6 27. e4
Re5 28. Rd4 d5 29. exd5+ Rxd5 30. Kf2 Rf5+ 1/2-1/2

[Event "Nicosia WGP 2023"]
[Site "Nicosia CYP"]
[Date "2023.05.20"]
[Round "5.5"]
[White "Shuvalova, Polina"]
[Black "Khotenashvili, Bella"]
[Result "1/2-1/2"]
[WhiteTitle "IM"]
[BlackTitle "GM"]
[WhiteElo "2484"]
[BlackElo "2478"]
[WhiteFideId "24171760"]
[BlackFideId "13602640"]
[EventDate "2023.05.16"]

1. d4 Nf6 2. c4 g6 3. Nc3 d5 4. Nf3 Bg7 5. e3 O-O 6. cxd5 Nxd5 7. Bc4 Nb6 8. Bb3
c5 9. O-O cxd4 10. exd4 Bg4 11. d5 Na6 12. h3 Bxf3 13. Qxf3 Nc5 14. Rd1 Nxb3 15.
axb3 Nc8 16. h4 Nd6 17. h5 Qb6 18. h6 Bf6 19. Bf4 Rfd8 20. Bxd6 Rxd6 21. Ne4 Rd7
22. d6 Bh8 23. dxe7 Rxe7 24. Rd6 Qb5 25. Nf6+ Bxf6 26. Qxf6 Qe5 27. Qxe5 Rxe5
28. Rxa7 Rae8 29. Rxb7 Rh5 30. g3 Rxh6 31. Rf6 Rf8 32. b4 Kg7 33. Rf3 g5 34. b5
Rd6 35. Kf1 g4 36. Rf4 h5 37. b4 Rd5 38. b6 Rd6 39. f3 gxf3 40. Kf2 Kg6 41. Kxf3
f6 42. b5 Rd3+ 43. Kg2 Rb3 44. Rc7 Rxb5 45. Rc6 Kg5 46. Rd4 Re8 47. Rf4 1/2-1/2

[Event "Nicosia WGP 2023"]
[Site "Nicosia CYP"]
[Date "2023.05.20"]
[Round "5.6"]
[White "Mammadzada, Gunay"]
[Black "Tan, Zhongyi"]
[Result "1/2-1/2"]
[WhiteTitle "IM"]
[BlackTitle "GM"]
[WhiteElo "2449"]
[BlackElo "2517"]
[WhiteFideId "13403729"]
[BlackFideId "8603642"]
[EventDate "2023.05.16"]

1. d4 Nf6 2. c4 e6 3. g3 Bb4+ 4. Nd2 c5 5. a3 Bxd2+ 6. Qxd2 cxd4 7. Nf3 b6 8.
Bg2 Bb7 9. Qxd4 Nc6 10. Qd3 Ne5 11. Nxe5 Bxg2 12. Rg1 Bb7 13. Bg5 h6 14. Bxf6
gxf6 15. Ng4 h5 16. Ne3 Qc7 17. h4 f5 18. Rd1 Rg8 19. Kf1 Rd8 20. Qd6 Qxd6 21.
Rxd6 Ke7 22. Rd2 Rc8 23. f3 d5 24. cxd5 Rc1+ 25. Kf2 Rxg1 26. Kxg1 Rxg3+ 27. Kf2
Rh3 28. dxe6 fxe6 29. Rd4 Rh2+ 30. Ng2 Rh1 31. Nf4 e5 32. Ng6+ Ke6 33. Nf8+ Kf7
34. Rd7+ Kxf8 35. Rxb7 Rxh4 36. Rxa7 Rh2+ 37. Ke3 Rg2 38. Rh7 f4+ 39. Kd3 Rg5
40. a4 Kg8 41. Rh6 Kg7 42. Rxb6 h4 43. Rb7+ Kg6 44. Rb6+ Kg7 45. Rb7+ Kg6 46.
Rb6+ Kg7 1/2-1/2

[Event "Nicosia WGP 2023"]
[Site "Nicosia CYP"]
[Date "2023.05.21"]
[Round "6.1"]
[White "Assaubayeva, Bibisara"]
[Black "Tan, Zhongyi"]
[Result "1/2-1/2"]
[WhiteTitle "IM"]
[BlackTitle "GM"]
[WhiteElo "2464"]
[BlackElo "2517"]
[WhiteFideId "13708694"]
[BlackFideId "8603642"]
[EventDate "2023.05.16"]

1. c4 e5 2. Nc3 Nf6 3. Nf3 Nc6 4. e4 Bc5 5. Nxe5 Nxe5 6. d4 Bb4 7. dxe5 Nxe4 8.
Qf3 Nxc3 9. bxc3 Ba5 10. Bf4 O-O 11. Be2 d6 12. Rd1 Re8 13. exd6 cxd6 14. O-O
Qe7 15. Rfe1 Qf6 16. Rxd6 Qxc3 17. Bd2 Qxf3 18. Bxf3 Rxe1+ 19. Bxe1 Bc7 20. Rd1
Rb8 21. c5 Be6 22. a3 b6 23. cxb6 Bxb6 24. g3 Bc5 25. Bb4 Bxb4 26. axb4 g6 27.
Ra1 Rxb4 28. Rxa7 Bh3 29. Rb7 Rxb7 30. Bxb7 h5 1/2-1/2

[Event "Nicosia WGP 2023"]
[Site "Nicosia CYP"]
[Date "2023.05.21"]
[Round "6.2"]
[White "Khotenashvili, Bella"]
[Black "Mammadzada, Gunay"]
[Result "1/2-1/2"]
[WhiteTitle "GM"]
[BlackTitle "IM"]
[WhiteElo "2478"]
[BlackElo "2449"]
[WhiteFideId "13602640"]
[BlackFideId "13403729"]
[EventDate "2023.05.16"]

1. Nf3 d5 2. g3 c6 3. Bg2 Bg4 4. h3 Bh5 5. O-O e6 6. d4 Nf6 7. c4 Be7 8. Nc3
Nbd7 9. cxd5 cxd5 10. Qb3 Bxf3 11. Bxf3 Qb6 12. Bf4 a6 13. Qxb6 Nxb6 14. Rfc1
Kd7 15. a4 Rac8 16. a5 Nc4 17. Na4 Kd8 18. b3 Nd6 19. Nb6 Rxc1+ 20. Rxc1 Rf8 21.
g4 Nd7 22. Bxd6 Bxd6 23. Rc8+ Ke7 24. Rxf8 Nxf8 25. e4 Bb4 26. exd5 Bxa5 27. d6+
Kd8 28. Nc4 b6 29. Ne5 Bc3 30. Nxf7+ Ke8 31. Ne5 Bxd4 32. Bc6+ Kd8 33. Nf7+ Kc8
34. Kg2 Bc5 35. Be8 Nd7 36. g5 b5 37. f4 a5 38. Ne5 Nxe5 39. fxe5 Bd4 40. Bxb5
Bxe5 41. d7+ Kd8 1/2-1/2

[Event "Nicosia WGP 2023"]
[Site "Nicosia CYP"]
[Date "2023.05.21"]
[Round "6.3"]
[White "Goryachkina, Aleksandra"]
[Black "Shuvalova, Polina"]
[Result "1/2-1/2"]
[WhiteTitle "GM"]
[BlackTitle "IM"]
[WhiteElo "2571"]
[BlackElo "2484"]
[WhiteFideId "4147103"]
[BlackFideId "24171760"]
[EventDate "2023.05.16"]

1. d4 Nf6 2. c4 e6 3. Nf3 d5 4. Nc3 c5 5. cxd5 Nxd5 6. e4 Nxc3 7. bxc3 cxd4 8.
cxd4 Bb4+ 9. Bd2 Bxd2+ 10. Qxd2 O-O 11. Bc4 Nd7 12. O-O b6 13. Rad1 Bb7 14. Rfe1
Nf6 15. d5 exd5 16. exd5 Qd6 17. Nd4 g6 18. Nb5 Qc5 19. Qd4 Qxd4 20. Rxd4 Rfd8
21. d6 Rd7 22. Re7 Rxe7 23. dxe7 Re8 24. Rd8 Kg7 25. Rxe8 Nxe8 26. Nxa7 Kf6 27.
Nb5 Kxe7 28. f3 f6 29. Kf2 Nd6 30. Nxd6 Kxd6 1/2-1/2

[Event "Nicosia WGP 2023"]
[Site "Nicosia CYP"]
[Date "2023.05.21"]
[Round "6.4"]
[White "Dronavalli, Harika"]
[Black "Lagno, Kateryna"]
[Result "1/2-1/2"]
[WhiteTitle "GM"]
[BlackTitle "GM"]
[WhiteElo "2501"]
[BlackElo "2558"]
[WhiteFideId "5015197"]
[BlackFideId "14109336"]
[EventDate "2023.05.16"]

1. d4 Nf6 2. c4 e6 3. Nf3 d5 4. Nc3 dxc4 5. e4 Bb4 6. Bxc4 Nxe4 7. O-O Nf6 8.
Qa4+ Nc6 9. Bg5 Bxc3 10. bxc3 O-O 11. Rfe1 h6 12. Bh4 Ne7 13. Bd3 Bd7 14. Qb3 b5
15. Ne5 a6 16. c4 bxc4 17. Bxc4 Bb5 18. Bxb5 axb5 19. Qxb5 Qxd4 20. Bxf6 gxf6
21. Nc6 Nxc6 22. Qxc6 f5 23. Qxc7 Rfc8 24. Qg3+ Kh7 25. Qf3 Ra7 26. Rad1 Qb2 27.
Re2 Rc2 28. Rxc2 Qxc2 29. Qb3 Rxa2 30. Qxc2 Rxc2 31. g3 Kg6 32. Kg2 h5 33. Rd8
Rc4 34. h4 f4 35. Rg8+ Kh7 36. Rg5 Kh6 37. Rg8 fxg3 38. Kxg3 Rc5 39. f3 Kh7 40.
Ra8 Kg6 41. Rg8+ Kf6 42. Rh8 Rf5 43. Ra8 Kg7 44. Rb8 Ra5 45. Kf4 Ra4+ 46. Kg3 e5
47. Re8 f6 48. Rb8 Ra3 49. Kg2 Kg6 50. Rb6 Kf5 51. Kf2 Ra8 52. Rc6 Re8 53. Ra6
Re6 54. Ra4 Rd6 55. Kg3 Rd3 56. Ra5 Ke6 57. Ra6+ Rd6 58. Ra8 Rd3 59. Ra6+ Kf5
60. Kg2 Rd2+ 61. Kg3 Re2 62. Rb6 Ra2 63. Rc6 Kg6 64. Rb6 Rd2 65. Ra6 Rd3 66. Kg2
Kf7 67. Ra7+ Ke6 68. Ra6+ Rd6 69. Ra8 Rd2+ 70. Kh3 Rd7 71. Ra6+ Rd6 72. Ra8 Kf7
73. Ra5 Re6 74. Kg3 Kg6 75. Ra8 Re7 76. Ra6 Kg7 77. Kf2 f5 78. Ke3 Rb7 79. Ra5
Rb3+ 80. Kf2 Rb4 81. Rxe5 Kf6 82. Ra5 Rxh4 83. Kg3 Rb4 84. f4 Rb1 85. Ra6+ Kf7 1/2-1/2

[Event "Nicosia WGP 2023"]
[Site "Nicosia CYP"]
[Date "2023.05.21"]
[Round "6.5"]
[White "Wagner, Dinara"]
[Black "Kiolbasa, Oliwia"]
[Result "1-0"]
[WhiteTitle "WGM"]
[BlackTitle "IM"]
[WhiteElo "2417"]
[BlackElo "2422"]
[WhiteFideId "24157570"]
[BlackFideId "1154613"]
[EventDate "2023.05.16"]

1. d4 Nf6 2. c4 e6 3. Nf3 d5 4. g3 Be7 5. Bg2 O-O 6. O-O dxc4 7. Ne5 Nc6 8. Nxc6
bxc6 9. Na3 Bxa3 10. bxa3 Rb8 11. Qa4 Qxd4 12. Be3 Qe5 13. Bxc6 Bb7 14. Bxb7
Rxb7 15. Qxc4 Qd5 16. Rfc1 Rfb8 17. Qxd5 Nxd5 18. Bd4 Rd8 19. Rc2 f6 20. Bc5 f5
21. f3 a5 22. Rac1 Nf6 23. Kf2 Rd7 24. Be3 Nd5 25. Bd2 a4 26. Ba5 Ra7 27. Rc5
Kf7 28. R1c4 Nb6 29. Rc2 Nd5 30. e4 fxe4 31. fxe4 Nf6 32. Ke3 Ng4+ 33. Kf3 Nf6
34. Bxc7 Rd3+ 35. Ke2 Rd4 36. e5 Nd5 37. Bd6 Rb7 38. R5c4 Rxc4 39. Rxc4 Rb2+ 40.
Kf3 Rxh2 41. Rxa4 g5 42. g4 h5 43. gxh5 Rh3+ 44. Kg2 Rxh5 45. Ra8 Kg6 46. a4 Kf5
47. a5 Nf4+ 48. Kg1 Kg4 49. a6 Rh7 50. Rb8 Ra7 51. Rb6 Kf3 52. Bc5 Nd3 53. Rb3
Rxa6 54. Rxd3+ Ke4 55. Re3+ Kd5 56. Bd6 Rxa2 57. Rg3 Ke4 58. Rxg5 Rc2 59. Rg6 1-0

[Event "Nicosia WGP 2023"]
[Site "Nicosia CYP"]
[Date "2023.05.21"]
[Round "6.6"]
[White "Dzagnidze, Nana"]
[Black "Kosteniuk, Alexandra"]
[Result "0-1"]
[WhiteTitle "GM"]
[BlackTitle "GM"]
[WhiteElo "2513"]
[BlackElo "2535"]
[WhiteFideId "13601903"]
[BlackFideId "4128125"]
[EventDate "2023.05.16"]

1. Nf3 d5 2. d4 Nf6 3. c4 e6 4. Nc3 Bb4 5. cxd5 exd5 6. Bf4 Ne4 7. Rc1 Nc6 8. g3
Bf5 9. Qa4 Qe7 10. Ne5 O-O 11. Nxc6 bxc6 12. Bg2 Nxc3 13. bxc3 Ba3 14. Rd1 Bd6
15. Bxd6 Qxd6 16. O-O Rfb8 17. Rd2 Rb6 18. Rc1 a5 19. h4 h6 20. e3 g5 21. hxg5
hxg5 22. Qd1 Qa3 23. c4 Rab8 24. Kh2 g4 25. Qf1 Rb1 26. Rdd1 Rxc1 27. Rxc1 Rb2
28. cxd5 cxd5 29. Qe1 Qxa2 30. Ra1 Qc4 31. Rxa5 Rb1 32. Qd2 Qc6 33. e4 Qg6 34.
Ra8+ Kg7 0-1

[Event "Nicosia WGP 2023"]
[Site "Nicosia CYP"]
[Date "2023.05.23"]
[Round "7.1"]
[White "Kosteniuk, Alexandra"]
[Black "Assaubayeva, Bibisara"]
[Result "0-1"]
[WhiteTitle "GM"]
[BlackTitle "IM"]
[WhiteElo "2535"]
[BlackElo "2464"]
[WhiteFideId "4128125"]
[BlackFideId "13708694"]
[EventDate "2023.05.16"]

1. e4 c5 2. Nf3 Nc6 3. Bb5 g6 4. O-O Bg7 5. c3 e5 6. d4 cxd4 7. cxd4 exd4 8. Na3
Nge7 9. Bf4 a6 10. Bc4 d6 11. Ng5 O-O 12. Qb3 d5 13. Bxd5 Nxd5 14. exd5 Ne7 15.
d6 Nf5 16. Qd5 h6 17. Ne4 g5 18. Bd2 Rb8 19. Rfe1 Be6 20. Qa5 Nxd6 21. Nxd6 Qxd6
22. h4 g4 23. Bb4 Qd8 24. Qh5 Re8 25. Nc2 Rc8 26. Rec1 Qf6 27. Ne1 Rcd8 28. Qa5
Qxh4 29. Rc5 g3 30. fxg3 Qxg3 31. Nf3 d3 32. Be1 Qd6 33. Rh5 Bg4 34. Rh2 b6 35.
Qa4 Bxf3 36. gxf3 Rxe1+ 37. Rxe1 Qg3+ 0-1

[Event "Nicosia WGP 2023"]
[Site "Nicosia CYP"]
[Date "2023.05.23"]
[Round "7.2"]
[White "Kiolbasa, Oliwia"]
[Black "Dzagnidze, Nana"]
[Result "0-1"]
[WhiteTitle "IM"]
[BlackTitle "GM"]
[WhiteElo "2422"]
[BlackElo "2513"]
[WhiteFideId "1154613"]
[BlackFideId "13601903"]
[EventDate "2023.05.16"]

1. e4 c5 2. Nf3 Nc6 3. d4 cxd4 4. Nxd4 e6 5. Nc3 Qc7 6. Be3 a6 7. a3 b5 8. Nxc6
Qxc6 9. h4 Bb7 10. h5 Qc7 11. Bd3 h6 12. Qe2 Nf6 13. f4 b4 14. axb4 Bxb4 15. Ra4
Bxc3+ 16. bxc3 Qxc3+ 17. Kf2 O-O 18. Rb1 Qc7 19. Bd2 d5 20. e5 Ne4+ 21. Bxe4
dxe4 22. Be3 a5 23. Kg1 Bc6 24. Ra3 Bd5 25. Bb6 Qe7 26. Rba1 Rfc8 27. Bf2 Qc7
28. Rg3 Kh7 29. Qg4 Rg8 30. Qe2 a4 31. Raa3 Qe7 32. c4 Bc6 33. Qg4 Rab8 34. Kh2
Rb2 35. Bd4 Rd2 36. Ba1 Rxg2+ 37. Rxg2 Qxa3 38. Bb2 Qd3 39. f5 Bd7 40. f6 e3 41.
Qf3 Qxc4 42. Qxe3 Bc6 0-1

[Event "Nicosia WGP 2023"]
[Site "Nicosia CYP"]
[Date "2023.05.23"]
[Round "7.6"]
[White "Tan, Zhongyi"]
[Black "Khotenashvili, Bella"]
[Result "1/2-1/2"]
[WhiteTitle "GM"]
[BlackTitle "GM"]
[WhiteElo "2517"]
[BlackElo "2478"]
[WhiteFideId "8603642"]
[BlackFideId "13602640"]
[EventDate "2023.05.16"]

1. c4 Nf6 2. Nc3 d5 3. cxd5 Nxd5 4. Nf3 Nxc3 5. bxc3 g6 6. h4 h6 7. d4 Bg7 8. e4
c5 9. Rb1 Nc6 10. d5 Ne5 11. Nxe5 Bxe5 12. Qd2 h5 13. f4 Bg7 14. e5 b6 15. c4
O-O 16. Bd3 Bg4 17. Be4 Rb8 18. O-O e6 19. g3 exd5 20. cxd5 Qd7 21. Qc2 Rfc8 22.
Bb2 c4 23. Bc3 b5 24. Kh2 Rc5 25. d6 Re8 26. a4 a6 27. Qf2 Rcc8 28. axb5 axb5
29. Ra1 Qe6 30. Ra7 Rcd8 31. Ba5 Rb8 32. Bc6 Rf8 33. Qd4 Kh7 34. Bd7 Qxd7 35.
Rxd7 Bxd7 36. Qa7 Bg4 37. Bc7 Ra8 38. Qd4 Ra2+ 39. Kg1 Bd7 40. Ra1 Rfa8 41. Rxa2
Rxa2 42. Bd8 Ra3 43. Qc5 Rxg3+ 44. Kf2 Rd3 45. Bf6 Rd2+ 46. Ke1 Rd3 47. Qc7 Be6
48. f5 gxf5 49. Bxg7 Kxg7 50. Qe7 c3 51. Qg5+ Kf8 52. Qxh5 Kg7 53. Qg5+ Kh7 54.
Ke2 Rd4 55. Qh5+ Kg7 56. Qg5+ Kh7 57. Qh5+ Kg7 58. Qg5+ Kh7 1/2-1/2

[Event "Nicosia WGP 2023"]
[Site "Nicosia CYP"]
[Date "2023.05.24"]
[Round "8.1"]
[White "Assaubayeva, Bibisara"]
[Black "Khotenashvili, Bella"]
[Result "1-0"]
[WhiteTitle "IM"]
[BlackTitle "GM"]
[WhiteElo "2464"]
[BlackElo "2478"]
[WhiteFideId "13708694"]
[BlackFideId "13602640"]
[EventDate "2023.05.16"]

1. d4 Nf6 2. c4 g6 3. Nc3 d5 4. cxd5 Nxd5 5. e4 Nxc3 6. bxc3 Bg7 7. Bc4 c5 8.
Ne2 O-O 9. O-O Qc7 10. Bf4 Qa5 11. Rb1 Nd7 12. Qd2 a6 13. Qe3 Nb6 14. Bb3 c4 15.
Bc2 Nd7 16. Bh6 Qxa2 17. Bxg7 Kxg7 18. Rbc1 b5 19. f4 Rb8 20. f5 b4 21. cxb4 Qb2
22. e5 Bb7 23. Ba4 Nb6 24. Rb1 Qa2 25. Ra1 Qb2 26. Rfb1 c3 27. Rxb2 cxb2 28. Rb1
Nxa4 29. Nc3 Nxc3 30. f6+ exf6 31. exf6+ Kh8 32. Qxc3 Rbc8 33. Qxb2 Rc6 34. Rc1
Rd6 35. Qf2 g5 36. Rc7 Be4 37. Qg3 Rdd8 38. Re7 Bg6 39. Qxg5 Rg8 40. Qh6 Rd6 41.
Qf4 Rb6 42. d5 1-0

[Event "Nicosia WGP 2023"]
[Site "Nicosia CYP"]
[Date "2023.05.24"]
[Round "8.2"]
[White "Goryachkina, Aleksandra"]
[Black "Tan, Zhongyi"]
[Result "1/2-1/2"]
[WhiteTitle "GM"]
[BlackTitle "GM"]
[WhiteElo "2571"]
[BlackElo "2517"]
[WhiteFideId "4147103"]
[BlackFideId "8603642"]
[EventDate "2023.05.16"]

1. d4 Nf6 2. c4 e6 3. g3 d5 4. Bg2 dxc4 5. Nf3 c5 6. O-O Nc6 7. dxc5 Qxd1 8.
Rxd1 Bxc5 9. Nbd2 c3 10. bxc3 O-O 11. Nb3 Be7 12. Nfd4 Bd7 13. Bg5 Rfd8 14. Nxc6
Bxc6 15. Bxc6 bxc6 16. Rxd8+ Bxd8 17. Rd1 Kf8 18. Rd6 Rc8 19. Nd4 c5 20. Nb5 Bb6
21. Bxf6 gxf6 22. Rd7 a6 23. Nd6 Rd8 24. Rxd8+ Bxd8 25. Ne4 Be7 26. c4 f5 27.
Nd2 Ke8 28. Kg2 Kd7 29. Kf3 Bf6 30. Nb3 Kd6 31. Kf4 h6 32. e3 Bg5+ 33. Kf3 h5
34. Ke2 Bd8 35. Kd3 Bc7 36. Nc1 Kc6 37. Kc2 e5 38. Ne2 Ba5 39. f3 Kd6 40. Kd3
Ke6 41. e4 fxe4+ 42. fxe4 Kf6 43. Ke3 Kg5 44. Ng1 Bc3 45. Kf3 Bd4 46. Ne2 h4 47.
h3 Bb2 48. Kf2 Ba1 49. Kg2 Bd4 50. a4 Kh5 51. Nc1 Kg5 52. Kf3 Bc3 53. Nd3 Bd4
54. Ne1 Bc3 55. Ng2 hxg3 56. Kxg3 Bd2 57. h4+ Kh5 58. Kh3 a5 59. Kg3 Bb4 60. Kf3
Bc3 61. Kg3 Bb4 62. Kf3 1/2-1/2

[Event "Nicosia WGP 2023"]
[Site "Nicosia CYP"]
[Date "2023.05.24"]
[Round "8.3"]
[White "Dronavalli, Harika"]
[Black "Mammadzada, Gunay"]
[Result "1/2-1/2"]
[WhiteTitle "GM"]
[BlackTitle "IM"]
[WhiteElo "2501"]
[BlackElo "2449"]
[WhiteFideId "5015197"]
[BlackFideId "13403729"]
[EventDate "2023.05.16"]

1. Nf3 d5 2. g3 c6 3. Bg2 Bg4 4. d4 Nf6 5. O-O e6 6. h3 Bf5 7. c4 Be7 8. Nc3 O-O
9. Ne5 Nbd7 10. g4 Bg6 11. Nxg6 hxg6 12. Qb3 Qc7 13. e3 Rad8 14. c5 e5 15. Qd1
Rfe8 16. b4 Nf8 17. Rb1 exd4 18. exd4 Ne6 19. Rb3 Nf4 20. Bxf4 Qxf4 21. Ne2 Qc7
22. Ng3 Nh7 23. Re3 Bh4 24. Rfe1 Rxe3 25. Rxe3 Ng5 26. Ne2 Ne6 27. a4 b6 28. Bf3
Qb7 29. Rb3 Bf6 30. Bg2 Qa6 31. cxb6 axb6 32. Rb1 b5 33. a5 Qa7 34. Rc1 Rd6 35.
Qe1 Kh7 36. Kh1 g5 37. Rc2 Nxd4 38. Nxd4 Bxd4 39. Qc1 Qe7 40. Bf3 Re6 41. Kg2
Qf6 42. a6 g6 43. Qd1 Ba7 44. Re2 Kg7 45. Qc2 Qd4 46. Qd2 Qxd2 47. Rxd2 Kf6 48.
Bd1 Ke7 49. Re2 Rxe2 50. Bxe2 Kd6 51. f4 gxf4 52. h4 Kc7 53. g5 Bd4 54. Bg4 f5
55. gxf6 Bxf6 56. Kf3 Bxh4 57. Bd7 g5 58. a7 Kb7 59. Bxc6+ Kxa7 60. Bxb5 Kb6 61.
Bf1 Kc6 62. Kg4 Kd6 63. Kf5 f3 64. Kg4 f2 65. Kf5 Kc6 66. Be2 Kd6 67. Bf1 Kc7
68. Ke5 Kc6 69. Kf5 g4 70. Kxg4 Bd8 71. Kf3 Bb6 72. Bd3 Kd6 73. Be2 Ke5 74. Bf1
Kf5 75. Bd3+ Kg5 76. Kg3 1/2-1/2

[Event "Nicosia WGP 2023"]
[Site "Nicosia CYP"]
[Date "2023.05.24"]
[Round "8.4"]
[White "Wagner, Dinara"]
[Black "Shuvalova, Polina"]
[Result "1/2-1/2"]
[WhiteTitle "WGM"]
[BlackTitle "IM"]
[WhiteElo "2417"]
[BlackElo "2484"]
[WhiteFideId "24157570"]
[BlackFideId "24171760"]
[EventDate "2023.05.16"]

1. d4 Nf6 2. c4 e6 3. Nf3 d5 4. g3 dxc4 5. Bg2 a6 6. O-O Nc6 7. Nc3 Rb8 8. e4
Be7 9. d5 exd5 10. exd5 Nb4 11. Ne5 Bf5 12. Nxc4 O-O 13. a3 Nd3 14. Be3 b5 15.
Na5 c5 16. Nc6 Qd7 17. b3 Rbe8 18. Bg5 Nxd5 19. Nxe7+ Nxe7 20. Qf3 Ng6 21. Qd5
Qxd5 22. Nxd5 h6 23. Be3 Rd8 24. Rfd1 c4 25. bxc4 bxc4 26. Bb6 Rd6 27. Bc7 Rd7
28. Ba5 Bg4 29. Nb6 Rd4 30. Rd2 Be6 31. Rad1 Rb8 32. Na4 Rd7 33. Nb6 Rd4 34. Na4
Rb3 35. Nc5 Rb5 36. Bc3 Rd6 37. Nxd3 Rxd3 38. Rxd3 cxd3 39. Be4 Rb3 40. Rxd3
Rxa3 41. Bxg6 fxg6 42. h4 h5 43. f3 Kf7 44. Kf2 Bc4 45. Rd7+ Ke6 46. Rd6+ Kxd6
47. Bb4+ Kc6 48. Bxa3 Kb5 49. Ke3 Ka4 50. Bf8 Kb3 51. Kd2 Bd5 52. f4 Be6 53.
Bxg7 a5 54. Kc1 Bf5 55. Bf6 a4 1/2-1/2